000 00448nam a2200169 a 4500
001 0000-8679
003 ELIB.Books
008 110520 1990
035 _a(ELIB.Books)0000-8825
082 _a268.432
_bMor
100 _aMorrison, George S.
245 _aThe World of Child Development
260 _bU.S.A.: Delmar Publishers Inc.
_c1990
650 _aChristian Education
942 _2ddc
_cBK
998 _cbat
_e2011-05-20
999 _c8679
_d8679